000 00612nam a2200229Ia 4500
003 OSt
005 20221005101716.0
006 a|||||r|||| 00| 0
007 ta
008 221004b |||||||| |||| 00| 0 san d
024 _a106659
037 _cTextual
040 _aCRL
_cCRL
_bsan
041 _2san
_asan
082 _aO15,1JUD,1, 111L2
100 _aUnni N.P.
245 0 _aKokilasandesa of uddanda
260 _aTrivandrum
_bCollege Book House India
_c1972
650 _aSANSKRIT LITERATURE
942 _hO15,1JUD,1, 111L2
_cTEXL
_2cc
999 _c1007245
_d1007245